Statistics for States In Two Time Zones

Click here to take the quiz!

General Stats

  • This quiz has been taken 31 times
  • The average score is 10 of 13

Answer Stats

State% Correct
Texas
96%
Michigan
88%
Kentucky
85%
Nebraska
85%
Idaho
81%
North Dakota
81%
South Dakota
81%
Tennessee
81%
Alaska
77%
Florida
73%
Indiana
73%
Kansas
73%
Oregon
62%

Score Distribution

Percentile by Number Answered

Percent of People with Each Score

Your Score History

You have not taken this quiz